000 00833nmm a2200265 a 4500
001 ocm000642288
003 TR-IsHL
005 20201028140708.0
008 131219s2007 tu tur
007 cr cn
020 _a9789757594086
035 _a642288
_b(N$T)
050 0 4 _aPL248.K33
_bE3 2007
090 0 4 _aPL248.K33
_bE3 2007
100 1 _aKabaklı, Ahmet
245 1 0 _aEjderha taşı
_h[electronic resource] /
_cAhmet Kabaklı
260 _aİstanbul :
_bTürk Edebiyatı Vakfı Yayınları,
_c2007
300 _a80 p.
650 4 _aDil ve Edebiyat
650 4 _aLanguage and Literature
650 0 _aTürk hikayesi
650 0 _aTurkish story
650 7 _aLITERARY COLLECTIONS / Middle Eastern
_2bisacsh
856 4 0 _uhttp://search.ebscohost.com/login.aspx?direct=true&scope=site&db=e011xww&AN=642288
999 _c7423
_d7423